Managing human resources / (Record no. 656)
[ view plain ]
| 000 -LEADER | |
|---|---|
| fixed length control field | 01162cam a2200361 a 4500 |
| 003 - CONTROL NUMBER IDENTIFIER | |
| control field | OSt |
| 005 - DATE AND TIME OF LATEST TRANSACTION | |
| control field | 20210616085712.0 |
| 008 - FIXED-LENGTH DATA ELEMENTS--GENERAL INFORMATION | |
| fixed length control field | 060720s2008 onca b 001 0 eng |
| 020 ## - INTERNATIONAL STANDARD BOOK NUMBER | |
| International Standard Book Number | 9780176407292 |
| 020 ## - INTERNATIONAL STANDARD BOOK NUMBER | |
| International Standard Book Number | 0176407294 |
| 040 ## - CATALOGING SOURCE | |
| Transcribing agency | ALUPE UN |
| 090 ## - LOCALLY ASSIGNED LC-TYPE CALL NUMBER (OCLC); LOCAL CALL NUMBER (RLIN) | |
| Classification number (OCLC) (R) ; Classification number, CALL (RLIN) (NR) | 658.3 BEL |
| 100 1# - MAIN ENTRY--PERSONAL NAME | |
| Personal name | Belcourt, Monica, |
| Dates associated with a name | 1946- |
| 245 10 - TITLE STATEMENT | |
| Title | Managing human resources / |
| Statement of responsibility, etc. | Monica Belcourt, George Bohlander, Scott Snell. |
| 250 ## - EDITION STATEMENT | |
| Edition statement | Fifth Canadian edition |
| 260 ## - PUBLICATION, DISTRIBUTION, ETC. | |
| Place of publication, distribution, etc. | Toronto : |
| Name of publisher, distributor, etc. | Thomson Nelson, |
| Date of publication, distribution, etc. | c2008. |
| 300 ## - PHYSICAL DESCRIPTION | |
| Extent | xxxvi, 731 pages : |
| Other physical details | color illustrations ; |
| Dimensions | 26 cm. |
| 336 ## - CONTENT TYPE | |
| Content type term | text |
| Content type code | txt |
| Source | rdacontent |
| 337 ## - MEDIA TYPE | |
| Media type term | unmediated |
| Media type code | n |
| Source | rdamedia |
| 338 ## - CARRIER TYPE | |
| Carrier type term | volume |
| Carrier type code | nc |
| Source | rdacarrier |
| 504 ## - BIBLIOGRAPHY, ETC. NOTE | |
| Bibliography, etc. note | Includes bibliographical references and indexes. |
| 650 #0 - SUBJECT ADDED ENTRY--TOPICAL TERM | |
| Topical term or geographic name entry element | Personnel management |
| Form subdivision | Textbooks. |
| 650 #0 - SUBJECT ADDED ENTRY--TOPICAL TERM | |
| Topical term or geographic name entry element | Personnel management |
| Geographic subdivision | Canada |
| Form subdivision | Textbooks. |
| 700 1# - ADDED ENTRY--PERSONAL NAME | |
| Personal name | Bohlander, George W. |
| 700 1# - ADDED ENTRY--PERSONAL NAME | |
| Personal name | Snell, Scott, |
| Dates associated with a name | 1958- |
| 906 ## - LOCAL DATA ELEMENT F, LDF (RLIN) | |
| a | AG:4:0 |
| -- | CE:1:0 |
| -- | CED:1:0 |
| -- | CL:2:0 |
| -- | DO:1:0 |
| -- | LS:2:0 |
| -- | PU:1:0 |
| -- | RS:1:0 |
| 942 ## - ADDED ENTRY ELEMENTS (KOHA) | |
| Source of classification or shelving scheme | |
| Koha item type | Book |
| Suppress in OPAC | DO |
| 948 ## - LOCAL PROCESSING INFORMATION (OCLC); SERIES PART DESIGNATOR (RLIN) | |
| Series part designator, SPT (RLIN) | 13/08/2007 |
| b (OCLC) | 19/10/2007 |
| Withdrawn status | Lost status | Source of classification or shelving scheme | Damaged status | Not for loan | Permanent Location | Current Location | Shelving location | Date acquired | Total Checkouts | Full call number | Barcode | Date last seen | Copy number | Koha item type | Public note | Price effective from |
|---|---|---|---|---|---|---|---|---|---|---|---|---|---|---|---|---|
| AU LIBRARY | AU LIBRARY | Open Shelf | 16.06.2021 | HF5549 .B333 2008 C1 | 28002987 | 16.06.2021 | 1 | Book | DO | |||||||
| AU LIBRARY | AU LIBRARY | Open Shelf | 16.06.2021 | HF5549 .B333 2008 C2 | 28002822 | 16.06.2021 | 2 | Book | DO | 16.06.2021 |